000 00688nam a2200265Ia 4500
005 20260121165753.0
008 008 260114s9999 xx 000 0 eng d
020 _a9783319481975
037 _aEBOOK
040 _aCRL
040 _beng
040 _cCRL
041 _2eng
041 _aeng
084 _qCRL
100 _aLifeng Zhang, Antoine Allanore, Cong Wang, James Yurko, Justin Crapps
_91055817
245 0 _aMaterials Processing Fundamentals
260 _bSpringer
260 _bSpringer
260 _c2016
856 _uhttps://link.springer.com/openurl?genre=book&isbn=978-3-319-48197-5
942 _cEBOOK
999 _c1621545
_d1621545